Failure of the Corporate Responsibility System in a Large Multinational Corporation Case Study „Dieselgate“

Na základe prípadovej štúdie objasnenie príčin a následkov podvodného správania, falšovania výsledkov skúšky výfukových emisií pre vozidlá poháňané dieselovým motorom. Zistilo sa, že hlavnou príčinou bola organizačná kultúra spoločnosti charakterizovaná veľmi silnými prvkami súťaže, v ktorej musel b...

Full description

Saved in:
Bibliographic Details
Main Author: Blažek, Ladislav
Other Authors: Slovák, Vlastimil
Format: Book Chapter
Language:English
Subjects:
Tags: Add Tag
No Tags, Be the first to tag this record!

MARC

LEADER 00000nla a2200000 4500
001 0242779
005 20240417075138.0
041 0 |a eng 
044 |a CZ 
245 1 0 |a Failure of the Corporate Responsibility System in a Large Multinational Corporation Case Study „Dieselgate“  |c Ladislav Blažek, Vlastimil Slovák 
520 |a Na základe prípadovej štúdie objasnenie príčin a následkov podvodného správania, falšovania výsledkov skúšky výfukových emisií pre vozidlá poháňané dieselovým motorom. Zistilo sa, že hlavnou príčinou bola organizačná kultúra spoločnosti charakterizovaná veľmi silnými prvkami súťaže, v ktorej musel byť strategický cieľ splnený za každú cenu. 
610 2 0 |a zodpovednosť podniku spoločenská 
610 2 0 |a korporácie 
610 2 0 |a spoločnosti nadnárodné 
610 2 0 |a podvody 
610 2 0 |a štúdie prípadové 
610 2 0 |a priemysel automobilový 
610 2 0 |a emisie 
100 1 |a Blažek, Ladislav 
700 1 |a Slovák, Vlastimil